000 00189nam a22000857a 4500
999 _c12443
_d12443
082 _a005.72
100 _aJ. Crang Cleaveland
245 _aProgram Generations with XML and JAVA
942 _cBK